000 00852nmc a2200301 a 4500
003 AR-BaBNM
005 20251128204340.0
008 011101s1988 ||||||||||||||000 | spa||
020 _a84-7509-491-0
040 _cAR-BaBNM
100 1 _aHusén, Torsten
245 1 0 _aNuevo análisis de la sociedad del aprendizaje
260 _aBarcelona
_bPaidós
_c1988
300 _a311 p.
_btablas, gráfs.
490 0 _aTemas de educación
_vv. 8
650 4 _aREFORMA DE LA EDUCACION
650 4 _aPOLITICA EDUCATIVA
650 4 _aAPRENDIZAJE
650 4 _aCALIDAD DE LA EDUCACION
650 4 _aPSICOLOGIA DE LA EDUCACION
650 4 _aTEORIAS DE LA EDUCACION
653 _aINVESTIGACION EDUCATIVA
653 _aESTRATEGIAS EDUCATIVAS
653 _aEXPERIENCIAS EDUCATIVAS
653 _aPROBLEMAS EDUCATIVOS
942 _cBK
998 _cGrace
999 _c7110
_d7110